Szczegóły MARC21

W metafizycznej dziurze : Teatr Witkacego w Zakopanem /

003 -Nazwa inst., której nr kontr. jest w polu 001 [,]
    • @
    • Nazwa instytucji, której n kontrolny jest w polu 001
    • NUKAT
005 -DATA I CZAS OSTATNIEJ MODYFIKACJI [,]
    • @
    • pole kontrolne
    • 20241231110046.0
020 -Międzynarod. znormalizowany nr książki - ISBN [ , ]
    • a
    • Numer ISBN
    • 8374536500 Find
    • q
    • Dopowiedzenie
    • Słowo/Obraz Terytoria
020 -Międzynarod. znormalizowany nr książki - ISBN [ , ]
    • a
    • Numer ISBN
    • 8392187504 Find
    • q
    • Dopowiedzenie
    • Teatr im. St. I. Witkiewicza
040 -Instytucja sporządzająca opis [ , ]
    • a
    • Instytucja, która sporządziła opis (NP)
    • WR U/hp
    • c
    • Instytucja, która sporządziła rekord (NP)
    • WR U/hp
    • d
    • Instytucja, która zmodyfikowała rekord (P)
    • WR U/bk
    • d
    • Instytucja, która zmodyfikowała rekord (P)
    • WR U/AKAs
    • d
    • Instytucja, która zmodyfikowała rekord (P)
    • WA N/PBbj
    • d
    • Instytucja, która zmodyfikowała rekord (P)
    • WR O/JG
    • d
    • Instytucja, która zmodyfikowała rekord (P)
    • WA N/PBkws
    • d
    • Instytucja, która zmodyfikowała rekord (P)
    • WA N/PBmas
942 -Rodzaj dokumentu [ , ]
    • c
    • Rodzaj dokumentu
    • Książka
100 -Hasło główne - nazwa osobowa [1, ]
    • a
    • Nazwa osobowa (NP)
    • Świąder, Barbara
    • d
    • Daty biograficzne (NP)
    • (1973- ).
    • 9
    • KHW
    • 580440
245 -Strefa tytułu i oznaczenia odpowiedzialności [1,0]
    • a
    • Tytuł
    • W metafizycznej dziurze : Find
    • b
    • Ciąg dalszy tytułu (NP)
    • Teatr Witkacego w Zakopanem / Find
    • c
    • Pozostałe elementy strefy tytułu i oznaczenia odpowiedzialności (NP)
    • Barbara Świąder.
260 -Strefa adresu wydawniczego [ , ]
    • a
    • Miejsce wydania (P)
    • Gdańsk :
    • b
    • Nazwa wydawcy (P)
    • "Słowo/Obraz Terytoria" ;
    • a
    • Miejsce wydania (P)
    • Zakopane :
    • b
    • Nazwa wydawcy (P)
    • Teatr im. St. I. Witkiewicza,
    • c
    • Data wydania (P)
    • cop. 2004.
300 -Strefa opisu fizycznego [ , ]
    • a
    • Określenie formy książki i/lub objętość (NP)
    • 394, [4] s. :
    • b
    • Oznaczenie ilustracji (NP)
    • il. ;
    • c
    • Format (NP)
    • 28 cm.
336 -Typ zawartości [ , ]
    • a
    • Termin opisujący typ zawartości
    • Tekst
    • b
    • Kod określający zawartość
    • txt
    • 2
    • Źródło (terminu i kodu)
    • rdacontent
337 -Typ mediów [ , ]
    • a
    • Tryb odtwarzania
    • Bez urządzenia pośredniczącego
    • b
    • Kod typu mediów
    • n
    • 2
    • Źródło (terminu i kodu)
    • rdamedia
338 -Typ/rodzaj nośnika [ , ]
    • a
    • Hasło opisujące typ nośnika
    • Wolumin
    • b
    • Kod typu nośnika
    • nc
    • 2
    • Źródło (terminu i kodu)
    • rdacarrier
380 -Deskryptor - Forma dzieła (P) [ , ]
    • a
    • forma dzieła (NP)
    • Literatura faktu, eseje, publicystyka
386 -Deskryptor - przynależność kulturowa (P) [ , ]
    • m
    • Wyrażenie wprowadzające (NP)
    • Przynależność kulturowa
    • a
    • Przynależność kulturowa (NP)
    • Literatura polska
388 -Deskryptor - czas powstania dzieła (P) [1, ]
    • a
    • Czas powstania dzieła (NP)
    • 2001-
504 -Uwaga dot. bibliogr. załącznikowej [ , ]
    • a
    • Uwaga dot. bibliografii załącznikowej
    • "Bibliogr. prasowa (wybór)" s. 372-375.
080 -Uniwersalna Klasyfikacja Dziesiętna [ , ]
    • 2
    • Identyfikator wydania tablic
    • UDC-P022
    • a
    • Symbol klasyfikacji
    • 792
    • b
    • Dopowiedzenie
    • Teatr.
    • x
    • Poddział wspólny
    • (438)
    • b
    • Dopowiedzenie
    • (Polska).
    • x
    • Poddział wspólny
    • "1980/..."
    • x
    • Poddział wspólny
    • (047.53)
    • b
    • Dopowiedzenie
    • (Wywiady)
    • x
    • Poddział wspólny
    • (02.025.2)
    • b
    • Dopowiedzenie
    • (Książki bogato ilustrowane).
610 -Hasło przedmiotowe w formie nazwy ciała zbiorowego [2,7]
    • a
    • Nazwa ciała zbiorowego lub nazwa geograficzna
    • Teatr im. Stanisława Ignacego Witkiewicza (Zakopane).
    • 2
    • Źródło terminu
    • kaba
    • 9
    • KHW
    • 273356
610 -Hasło przedmiotowe w formie nazwy ciała zbiorowego [2,7]
    • a
    • Nazwa ciała zbiorowego lub nazwa geograficzna
    • Teatr im. Stanisława Ignacego Witkiewicza (Zakopane)
    • v
    • Określnik formalny
    • rozmowy.
    • 2
    • Źródło terminu
    • kaba
    • 9
    • KHW
    • 580663
655 -Hasło w funkcji tematu formalnego [ ,7]
    • a
    • Hasło
    • Publicystyka
    • 2
    • Źródło terminu
    • DBN
    • 9
    • KHW
    • 721194
980 -Symbol UKD [ , ]
    • a
    • UKD
    • 792(438)"1980/..."(047.53)(02.025.2)
710 -Hasło dodatkowe - nazwa ciała zbiorowego [2, ]
    • a
    • Nazwa ciała zbiorowego lub nazwa geograficzna jako pierwszy element (NP)
    • Wydawnictwo Słowo/Obraz Terytoria.
    • 4
    • Kod relacji
    • pbl
    • 9
    • KHW
    • 69261
920 -ISBN [ , ]
    • a
    • ISBN
    • 83-7453-650-0 Find
    • q
    • Dopowiedzenie
    • Słowo/Obraz Terytoria
920 -ISBN [ , ]
    • a
    • ISBN
    • 83-921875-0-4 Find
    • q
    • Dopowiedzenie
    • Teatr im. St. I. Witkiewicza
Sygnatura Status udost. Lokalizacja Data inwentaryzacji Numer inwentarzowy
POL. Teatr - Polska 031BM2006-05-22P.20173